Migración México-Estados Unidos: implicaciones de seguridad/
Este artículo analiza las dimensiones de migración México – Estados Unidos (EE.UU.) en décadas recientes desde un enfoque de seguridad, debido a que la migración se inserta como tema relevante en la agenda de seguridad de los EE.UU. El flujo migratorio de México a EE.UU. ha aumentado notablemente...
Gorde:
| Egile nagusia: | |
|---|---|
| Beste egile batzuk: | |
| Formatua: | Liburua |
| Hizkuntza: | Spanish |
| Gaiak: | |
| Etiketak: |
Etiketa erantsi
Etiketarik gabe, Izan zaitez lehena erregistro honi etiketa jartzen!
|
MARC
| LEADER | 00000nam a22000007a 4500 | ||
|---|---|---|---|
| 003 | cru CIDCACS/IIS | ||
| 005 | 20180519062532.0 | ||
| 007 | ta | ||
| 008 | 180110s2016 cr |||p|r||||||0| 0|spa d | ||
| 999 | |c 40789 |d 40789 | ||
| 040 | |c cru CIDCACS/IIS | ||
| 100 | 1 | |9 6324 |a Zepeda Martínez, Roberto | |
| 245 | 1 | |a Migración México-Estados Unidos: |b implicaciones de seguridad/ |c Roberto Zepeda Martínez, Jonathan D. Rosen | |
| 300 | |a páginas 79-91 |b gráfico | ||
| 520 | |a Este artículo analiza las dimensiones de migración México – Estados Unidos (EE.UU.) en décadas recientes desde un enfoque de seguridad, debido a que la migración se inserta como tema relevante en la agenda de seguridad de los EE.UU. El flujo migratorio de México a EE.UU. ha aumentado notablemente en décadas recientes. Este flujo es mayormente indocumentado, propiciando riesgos tanto para los migrantes como para el país receptor. A pesar de que la migración se percibe como un tema de seguridad, generalmente es resultado de factores económicos, laborales y proximidad geográfica, que se sostienen por redes sociales. La migración representa un tema de seguridad para EE.UU., ya que a través de su frontera no solo se da la migración laboral, sino también el tráfico de drogas, armas, personas y potenciales terroristas. Este dilema requiere cooperación bilateral para regular los flujos migratorios con el fin de satisfacer la demanda de fuerza laboral en EE.UU., en lugar de criminalizar a las personas migrantes. El artículo comprende tres secciones, la primera alude a las características de la migración México – EE.UU., en la segunda se aborda el vínculo entre migración y seguridad, y en la tercera se vincula el narcotráfico con la migración indocumentada. KDV/190118 | ||
| 650 | 1 | 0 | |9 299 |a MIGRACION |
| 650 | 1 | 0 | |9 300 |a MIGRACION LABORAL |
| 650 | 1 | 0 | |9 2165 |a CONDICIONES ECONOMICAS |
| 650 | 1 | 0 | |9 1481 |a CONDICIONES DE TRABAJO |
| 650 | 1 | 0 | |9 1005 |a NARCOTRAFICO |
| 650 | 1 | 0 | |9 2345 |a SEGURIDAD |
| 650 | 0 | |9 6424 |a DOCUMENTACIÓN | |
| 651 | 1 | 0 | |a MEXICO |9 3410 |
| 651 | 1 | 0 | |9 245 |a ESTADOS UNIDOS |
| 700 | 1 | |9 6325 |a Rosen, Jonathan D. | |
| 773 | 0 | |0 18728 |9 1727 |a Universidad de Costa Rica |d San José, Costa Rica Editorial UCR 1956- |o 18430 |t Revista de Ciencias Sociales/ | |
| 942 | |2 ddc |c PP | ||
